1427 1106 1779 1905 1248 1376 1433 1361 1301 1807 1167 1581 1753 1027 1165 1036 1272 1462 1855 1829 1473 1506 1816 1793 1847 1130 1048 1912 1521 1862 1997 1278 1041 1319 1106 2000 1353 1487 1373 1285 1879 1234 1127 1728 1085 1334 1488 1351 1353 1425 1820 1039 1931 1342 1806 1524 1042 1611 1904 1819 1929 1070 1766 1947 1091 1579 1797 1084 1144 1030 1052 1634 1312 1265 1584 1204 1238 1930 1696 1123 1247 1699 1319 1771 1208 1413 1356 1356 1291 1884 1706 1388 1363 1948 1194 1847 1772 1485 1328 BCNSPRNW ULIB Ver.6.0+V

เปลี่ยนเป็นภาษาไทย

Change to English
 แสดงรายละเอียดบรรณานุกรม
  กลับหน้าหลัก

Brief Record : Get Marc (ISO 2709) : E-mail record : QR code < ปิดหน้าต่าง
LEADER : 00000nam 2200000uu 4500
001    13399127513
003     ULIB
008    020711s2562 th a 000 0 tha d
060  0 ^aวจ^bธ-ก
100    ^aธิดากุล บุญรักษา
245    ^aการเขียนอนุเฉทภาษาอังกฤษ
260    ^aนครสวรรค์ :^bคณะมนุษยศาสตร์และสังคมศาสตร์ มหาวิทยาลัยราชภัฏนครสวรรค์,^c2562
945    ^p0^l0^i007113
999    ^aประนอม เกษจรัล
รายการนี้ยังไม่มีแท็ก
คุณยังไม่ได้ล็อกอิน คุณสามารถมีกิจกรรมร่วมกับเว็บไซต์ได้ แต่ต้องล็อกอินก่อน ::
  ล็อกอิน

รายการสื่อสารสนเทศ

ลำดับที่ ประเภท เลขเรียก/บาร์โค้ด สถานที่ สถานะ
1. งานวิจัย
งานวิจัย
วจ ธ-ก ฉ.1 
  Barcode: 007113
ห้องสมุดวิทยาเขตสวรรค์ประชารักษ์
►วิจัย
บนชั้น

รายการใกล้เคียง
    ชื่อเรื่อง [การเขียนอนุเฉทภาษาอังกฤษ]

BibComment


ยังไม่เคยถูกคอมเมนท์

คอมเมนท์ทรัพยากรรายการนี้
  คอมเมนท์: การเขียนอนุเฉทภา..


 Copyright 2026. Bcnsprnw @Library